MDQL
is popping MORE tags! Check the
thread
!
Quizzes
Events
Quiz Creation
Community
Videos
Private Events
Remove Ads
Sign In
Join for FREE
Feedback
Dark Mode
Quiz Categories
Sports
Geography
Music
Movies
Television
Just For Fun
Miscellaneous
History
Literature
Language
Science
Gaming
Entertainment
Religion
Holiday
For Kids
Quiz Lab
Recent
Popular Today
Quiz Kudos Today
Editor Picks
Curator Picks
Quizzes by...
Day
Popularity
Type
Ratings
Length
Year
Community
Subscriptions
Recent Discussions
Orange Saloon
Badges
Playlists
Quests
Create
Leaderboards
Showdown
Live 5
Trivia Bingo
Activity
Puzzle Library
Sporcle Events
Private Events
Virtual Trivia
Globe League
Become a Host
Pub Owners
SporcleCon
Opinionation
Our Games
Videos
Blog
Mobile Apps
Partnerships
Remove Ads and Go Orange
Feedback
Movies
Disney
Marvel Cinematic Universe
Movie Resume
Movie Titles
Oscar
Actor
Actress
Director
Pixar
Role
Movie Quotes
Movie Characters
Box Office
Nominee
Best Picture
Star Wars
James Bond
Horror Movies
Movies
Disney
Marvel Cinematic Universe
Movie Resume
Movie Titles
Oscar
Actor
Actress
Director
Pixar
Role
Movie Quotes
Movie Characters
Box Office
Nominee
Best Picture
Star Wars
James Bond
Horror Movies
Random Quiz
Search Sporcle
×
Quiz Lab
Quiz Lab
Movies
Actor
Type in answers that appear in a list
Type in answers that appear in a list
Classic
Best Score? Go Orange.
Films from Oscar nominees Stats
Can you name the movies for which these Oscar nominations were given?
By
robzalli
20m
300 Questions
301 Plays
301 Plays
301 Plays
Comments
Comments
Give Quiz Kudos
Give Quiz Kudos
-
- Ratings
hide this ad
More Info
Replay
Link that replays current quiz
Next Quiz
Link to next quiz in quiz playlist
You Got
0%
They Got
Avg Score
82%
Avg Friend Score
Upgrade to see
Score Distribution
Jump to the score distribution portion of the page
Score
0/300
Timer
20:00
0
Plays Today
Year
Movie
% Correct
2011-
director
The King's Speech
98%
2011-
director
Black Swan
98%
2011-
actor
The King's Speech
98%
2011-
actress
Black Swan
98%
2011-
supporting actor
The King's Speech
98%
2011-
supporting actress
The King's Speech
98%
2010-
director
Avatar
97%
2011-
director
The Fighter
96.7%
2011-
supporting actor
The Fighter
96.7%
2011-
supporting actress
The Fighter
96.7%
2011-
supporting actress
The Fighter
96.7%
2011-
director
The Social Network
96.3%
2011-
actor
The Social Network
96.3%
2010-
director
Precious
96%
2010-
actress
Precious
96%
2010-
supporting actress
Precious
96%
2010-
actress
The Blind Side
95.7%
2009-
director
The Reader
95.7%
2009-
director
Slumdog Millionaire
95.7%
2009-
actress
The Reader
95.7%
2009-
director
Milk
95.3%
2009-
actor
Milk
95.3%
2009-
supporting actor
Milk
95.3%
2010-
director
The Hurt Locker
94.4%
2010-
actor
The Hurt Locker
94.4%
2009-
supporting actor
The Dark Knight
94.4%
2007-
director
The Queen
94.4%
2007-
actress
The Queen
94.4%
2008-
director
No Country for Old Men
93.7%
2008-
director
Juno
93.7%
2008-
actress
Juno
93.7%
2008-
supporting actor
No Country for Old Men
93.7%
2010-
director
Up in the Air
93.4%
2010-
actor
Up in the Air
93.4%
2010-
supporting actress
Up in the Air
93.4%
2010-
supporting actress
Up in the Air
93.4%
2007-
director
The Departed
93.4%
2007-
supporting actor
The Departed
93.4%
2011-
director
True Grit
93%
2011-
actor
True Grit
93%
2011-
supporting actress
True Grit
93%
2006-
director
Brokeback Mountain
93%
2006-
actor
Brokeback Mountain
93%
2006-
supporting actor
Brokeback Mountain
93%
2006-
supporting actress
Brokeback Mountain
93%
2005-
director
Million Dollar Baby
92.7%
2005-
actor
Million Dollar Baby
92.7%
2005-
actress
Million Dollar Baby
92.7%
2005-
supporting actor
Million Dollar Baby
92.7%
2009-
director
The Curious Case of Benjamin Button
92%
2009-
actor
The Curious Case of Benjamin Button
92%
2009-
supporting actress
The Curious Case of Benjamin Button
92%
2005-
director
Ray
92%
2005-
actor
Ray
92%
2010-
actor
Crazy Heart
91.4%
2010-
supporting actress
Crazy Heart
91.4%
2007-
actor
The Last King of Scotland
91.4%
2007-
supporting actor
Dreamgirls
91.4%
2007-
supporting actress
Dreamgirls
91.4%
2003-
director
Chicago
91.4%
2003-
director
The Hours
91.4%
2003-
actress
The Hours
91.4%
2003-
actress
Chicago
91.4%
2003-
supporting actor
The Hours
91.4%
2003-
supporting actress
Chicago
91.4%
2003-
supporting actress
Chicago
91.4%
2003-
supporting actor
Chicago
91.4%
2003-
supporting actress
The Hours
91.4%
2011-
actor
127 Hours
91%
2009-
actor
The Wrestler
91%
2009-
supporting actress
The Wrestler
91%
2006-
director
Crash
91%
2006-
actor
Walk the Line
91%
2006-
actress
Walk the Line
91%
2006-
supporting actor
Crash
91%
2004-
director
The Lord of the Rings: Return of the King
91%
2002-
director
A Beautiful Mind
91%
2002-
actor
A Beautiful Mind
91%
2002-
supporting actress
A Beautiful Mind
91%
2011-
actress
The Kids Are All Right
90.7%
2011-
supporting actor
The Kids Are All Right
90.7%
2010-
director
Inglourious Basterds
90.7%
2010-
supporting actor
Inglourious Basterds
90.7%
2003-
director
The Pianist
90.7%
2003-
actor
The Pianist
90.7%
2008-
director
There Will Be Blood
90.4%
2008-
actor
There Will Be Blood
90.4%
2008-
supporting actress
Michael Clayton
89.7%
2008-
director
Michael Clayton
89.7%
2008-
actor
Michael Clayton
89.7%
2008-
supporting actor
Michael Clayton
89.7%
2001-
director
Gladiator
89.7%
2001-
actor
Gladiator
89.7%
2001-
supporting actor
Gladiator
89.7%
2007-
supporting actor
Little Miss Sunshine
89.4%
2007-
supporting actress
Little Miss Sunshine
89.4%
2005-
director
The Aviator
89.4%
2005-
actor
The Aviator
89.4%
2005-
supporting actor
The Aviator
89.4%
2005-
supporting actress
The Aviator
89.4%
Year
Movie
% Correct
2004-
director
Mystic River
89%
2004-
actor
Mystic River
89%
2004-
supporting actor
Mystic River
89%
2004-
supporting actress
Mystic River
89%
2010-
actor
A Single Man
88.4%
2010-
actor
Invictus
88.4%
2010-
supporting actor
Invictus
88.4%
2009-
director
Frost Nixon
88.4%
2009-
actor
Frost Nixon
88.4%
2009-
actress
Doubt
88.4%
2009-
supporting actor
Doubt
88.4%
2009-
supporting actress
Doubt
88.4%
2009-
supporting actress
Doubt
88.4%
2006-
director
Capote
88.4%
2006-
actor
Capote
88.4%
2006-
supporting actress
Capote
88.4%
2002-
director
The Lord of the Rings: The Fellowship of the Ring
88%
2002-
supporting actor
The Lord of the Rings: The Fellowship of the Ring
88%
2008-
supporting actress
Atonement
87.7%
2011-
actress
Winter's Bone
87.4%
2011-
supporting actor
Winter's Bone
87.4%
2005-
actor
Hotel Rwanda
87.4%
2005-
supporting actress
Hotel Rwanda
87.4%
2004-
actress
Monster
87.4%
2001-
director
Erin Brockovich
87.4%
2001-
actress
Erin Brockovich
87.4%
2001-
supporting actor
Erin Brockovich
87.4%
2000-
director
The Sixth Sense
87.4%
2000-
supporting actor
The Sixth Sense
87.4%
2000-
supporting actress
The Sixth Sense
87.4%
2005-
director
Sideways
86.7%
2005-
supporting actor
Sideways
86.7%
2005-
supporting actress
Sideways
86.7%
2004-
director
Lost in Translation
86.4%
2004-
actor
Cold Mountain
86.4%
2004-
actor
Lost in Translation
86.4%
2004-
supporting actress
Cold Mountain
86.4%
2000-
director
American Beauty
86.4%
2000-
actor
American Beauty
86.4%
2000-
actress
American Beauty
86.4%
2008-
actress
Elizabeth: the Golden Age
86%
2007-
actor
Blood Diamond
86%
2007-
supporting actor
Blood Diamond
86%
2004-
actor
Pirates of the Caribbean: The Curse of the Black Pearl
86%
2003-
director
Gangs of New York
86%
2003-
actor
Gangs of New York
86%
2010-
actress
Julie & Julia
85.4%
2006-
supporting actor
Syriana
85.4%
2009-
actress
Changeling
85%
2007-
director
Babel
85%
2007-
supporting actress
Babel
85%
2007-
supporting actress
Babel
85%
2006-
director
Good Night, and Good Luck
85%
2006-
actor
Good Night, and Good Luck
85%
2003-
actor
About Schmidt
84.7%
2003-
supporting actress
About Schmidt
84.7%
2002-
actress
Monster's Ball
84.7%
2008-
actress
La Vie en Rose
84.4%
2007-
actor
The Pursuit of Happyness
83.7%
2002-
actor
Training Day
83.7%
2002-
supporting actor
Training Day
83.7%
2001-
director
Traffic
83.7%
2001-
supporting actor
Traffic
83.7%
2001-
supporting actress
Almost Famous
83.4%
2001-
supporting actress
Almost Famous
83.4%
2000-
actress
Boys Don't Cry
83.4%
2000-
supporting actress
Boys Don't Cry
83.4%
2009-
supporting actress
Vicky Cristina Barcelona
82.4%
2006-
supporting actress
The Constant Gardener
82.1%
2003-
actress
Frida
82.1%
2002-
actor
Ali
82.1%
2002-
supporting actor
Ali
82.1%
2010-
actress
An Education
81.7%
2010-
supporting actor
The Lovely Bones
81.7%
2005-
actor
Finding Neverland
81.7%
2002-
actress
Iris
81.7%
2002-
supporting actor
Iris
81.7%
2002-
supporting actress
Iris
81.7%
2001-
director
Crouching Tiger, Hidden Dragon
81.7%
2000-
supporting actor
The Green Mile
81.7%
2002-
actress
Moulin Rouge!
81.4%
2008-
actor
Sweeney Todd: The Demon Barber of Fleet Street
81.1%
2003-
actor
Adaptation
81.1%
2003-
supporting actor
Adaptation
81.1%
2003-
supporting actress
Adaptation
81.1%
2002-
director
Gosford Park
81.1%
2002-
supporting actress
Gosford Park
81.1%
2002-
supporting actress
Gosford Park
81.1%
2011-
actress
Rabbit Hole
80.7%
2007-
actress
The Devil Wears Prada
80.7%
2002-
actor
In the Bedroom
80.7%
2002-
actress
In the Bedroom
80.7%
2002-
supporting actress
In the Bedroom
80.7%
2001-
actor
Castaway
80.4%
2001-
actor
Pollock
80.4%
2001-
supporting actress
Pollock
80.4%
2011-
actress
Blue Valentine
80.1%
2001-
actress
Chocolat
80.1%
2001-
supporting actress
Chocolat
80.1%
2006-
actress
Transamerica
79.7%
Year
Movie
% Correct
2004-
actress
21 Grams
79.7%
2004-
supporting actor
21 Grams
79.7%
2009-
supporting actor
Tropic Thunder
79.4%
2009-
supporting actor
Revolutionary Road
79.4%
2005-
supporting actor
Closer
79.4%
2005-
supporting actress
Closer
79.4%
2002-
actress
Bridget Jones' Diary
79.4%
2000-
director
The Cider House Rules
79.4%
2000-
supporting actor
The Cider House Rules
79.4%
2009-
actress
Rachel Getting Married
79.1%
2006-
actress
Pride and Prejudice
79.1%
2003-
supporting actor
Catch Me If You Can
79.1%
2000-
supporting actress
Girl, Interrupted
79.1%
2007-
director
Letters from Iwo Jima
78.7%
2011-
actor
Biutiful
78.1%
2011-
supporting actor
The Town
78.1%
2004-
actress
Whale Rider
77.4%
2000-
director
The Insider
77.4%
2000-
actor
The Insider
77.4%
2010-
supporting actress
Nine
76.1%
2008-
actor
Eastern Promises
76.1%
2005-
supporting actor
Collateral
76.1%
2003-
supporting actor
Road to Perdition
75.7%
2000-
supporting actor
Magnolia
75.7%
2006-
director
Munich
75.4%
2006-
supporting actor
Cinderella Man
75.4%
2007-
actress
Notes on a Scandal
74.8%
2007-
supporting actress
Notes on a Scandal
74.8%
2010-
actress
The Last Station
74.4%
2010-
supporting actor
The Last Station
74.4%
2007-
actor
Half Nelson
74.4%
2005-
actress
Eternal Sunshine of the Spotless Mind
74.4%
2008-
supporting actress
American Gangster
73.8%
2004-
actor
House of Sand and Fog
73.8%
2004-
supporting actor
The Last Samurai
73.8%
2004-
supporting actress
House of Sand and Fog
73.8%
2007-
actress
Volver
73.4%
2008-
supporting actress
Gone Baby Gone
72.8%
2003-
actor
The Quiet American
72.8%
2002-
supporting actor
Sexy Beast
72.8%
2009-
actor
The Visitor
72.4%
2009-
actress
Frozen River
72.4%
2007-
actor
Venus
72.4%
2006-
actor
Hustle & Flow
72.4%
2005-
director
Vera Drake
72.4%
2005-
actress
Vera Drake
72.4%
2002-
actor
I Am Sam
72.4%
2001-
director
Billy Elliot
72.4%
2001-
supporting actress
Billy Elliot
72.4%
2010-
supporting actor
The Messenger
72.1%
2007-
actress
Little Children
72.1%
2007-
supporting actor
Little Children
72.1%
2000-
supporting actor
The Talented Mr. Ripley
72.1%
2004-
actress
Something's Gotta Give
71.1%
2011-
supporting actress
Animal Kingdom
70.8%
2008-
supporting actor
The Assassination of Jesse James by the Coward Robert Ford
70.8%
2008-
supporting actor
Into the Wild
70.4%
2001-
actress
Requiem for a Dream
70.4%
2008-
actor
In the Valley of Elah
69.8%
2006-
supporting actor
A History of Violence
69.8%
2004-
actress
In America
69.8%
2004-
supporting actor
In America
69.8%
2008-
supporting actor
Charlie Wilson's War
69.4%
2004-
director
Master and Commander: The Far Side of the World
69.4%
2007-
director
United 93
69.1%
2006-
actress
North Country
68.8%
2006-
supporting actress
North Country
68.8%
2003-
actress
Far From Heaven
68.8%
2005-
supporting actress
Kinsey
67.8%
2000-
director
Being John Malkovich
67.8%
2000-
supporting actress
Being John Malkovich
67.8%
2008-
supporting actress
I'm Not There
67.4%
2006-
supporting actress
Junebug
67.4%
2001-
actor
Quills
67.1%
2003-
actress
Unfaithful
66.8%
2000-
actor
The Hurricane
66.8%
2000-
actor
Sweet and Lowdown
66.1%
2000-
supporting actress
Sweet and Lowdown
66.1%
2001-
actress
The Contender
65.8%
2001-
supporting actor
The Contender
65.8%
2008-
actress
The Savages
65.4%
2005-
actress
Being Julia
65.1%
2004-
supporting actor
The Cooler
65.1%
2004-
supporting actress
Thirteen
65.1%
2002-
director
Black Hawk Down
64.8%
2008-
actress
Away from Her
64.5%
2006-
actress
Mrs. Henderson Presents
64.1%
2005-
actress
Maria Full of Grace
62.1%
2002-
director
Mulholland Drive
61.8%
2004-
director
City of God
61.5%
2000-
actor
The Straight Story
60.8%
2008-
director
The Diving Bell and the Butterfly
60.1%
2000-
actress
Tumbleweeds
60.1%
2001-
actress
You Can Count On Me
59.1%
2003-
director
Talk to Her
58.5%
2001-
actor
Before Night Falls
58.5%
2000-
actress
Music of the Heart
58.5%
2001-
supporting actor
Shadow of the Vampire
57.8%
2004-
supporting actress
Pieces of April
57.5%
2000-
actress
The End of the Affair
56.8%
Quiz Playlist
Details
Report
Send in Message
Add To Playlist
More Info:
F11 is very helpful for this quiz
Classic:
Type in answers that appear in a list
Last Updated: Feb 16, 2017
Quiz Scoreboard
CHALLENGE
Sign Up to Join the Scoreboard
Show All
Scores
Hide
Comments
May contain spoilers
Recently Published
Holiday 10x10 Sorting Gallery
by lukepisani3
Holiday
15m
Two Season TV Shows II
by 123Four
Television
10m
Image Sorting: Flags VI
by Barbecue
Geography
2m
More to Explore
Quiz From the Vault
Featured Blog Post
14 Easter Pick-up Lines to Find Eggs With
hide this ad
You Might Also Like...
Tags
Actor Quiz
Actress Quiz
Director Quiz
Nominee Quiz
Oscar Quiz
Oscar Nominated
Today's Top Quizzes in Movies
Browse Movies
hide this ad
Today's Top Quizzes in Actor
Browse Actor
Top Contributed Quizzes in Movies
1
The ultimate James Bond movie quiz
2
Find The 'Big' Movie
3
Find The 'Wild' Movie
4
Find The 'Blue' Movie
5
Movies By Plot
6
Hidden Star Wars Character II
7
25 Best Actor Nominees (1990s)
8
Hidden Star Wars Character III
9
😉 2024 Oscar Nominees by Emoji
10
Hidden Star Wars Character IV
Explore More
Trending Topics
NBA
Kpop
Disney
Crossword
Marvel
Anime
Harry Potter
Pokémon
Country
Song
Soccer
The Office
WWE
Puzzle
NFL
hide this ad
More By:
robzalli
Quiz
Plays
Rating
Category
Featured
Created
Countries by Area
4,041
4.20
Geography
Oct 25, 2009
Best Actress Oscar winners and their films
862
4.83
Movies
Dec 31, 2018
Countries of Europe by land area
758
4.44
Geography
Dec 1, 2009
Tony Award Nominees - Musical - 00s
612
2.56
Entertainment
Apr 11, 2010
Best Actor Oscar winners and their films
535
4.75
Movies
Dec 30, 2018
Go to Creator's Profile
Score Distribution
Quiz Creator Spotlight
robzalli
Follow
Send a Message
Quizzes Created
-
Created Quiz Play Count
-
More By This Creator
Popular Quizzes Today
1
Find the US States - No Outlines Minefield
2
Colored Red Africa Blitz
3
Find the 'City' Movie
4
The Countries of the World
5
5x2 Blitz: Bands
6
Find the US States
7
Find the Countries of Europe - No Outlines Minefield
8
US States
More Movies Quizzes
Danny DeVito Films by Image
Curator's Pick
Trending Quizzes
Colored Red Europe Blitz I
Colored Red Europe Blitz II
Colored Red Africa Blitz II
Colored Red Europe Blitz III
Colored Red Africa Blitz III
Recently Updated
Odd Team Out - Big 4 Players
pecheneg
Quick Pick: 20 Twenties
pecheneg
March Madness Men's Triple Doubles
pecheneg
How Do You Spell That?
pecheneg
Godzilla Movies
pecheneg
Grab Bag: 4-10 Letters
pecheneg
2024 March Madness Bracket
pecheneg
Famous TV Couples
Peacemaker
Champions League XIs: Real Madrid
pecheneg
Largest US Cities 1790-2010
pecheneg
Trending Topics
Kpop
NBA
Disney
Anime
Crossword
Marvel
Harry Potter
Soccer
WWE
Song
Country
Puzzle
The Office
NFL
Pokémon
Your Account Isn't Verified!
In order to create a playlist on Sporcle, you need to verify the email address you used during registration. Go to your
Sporcle Settings
to finish the process.
Report this User
Report this user for behavior that violates our
Community Guidelines
.
Details:
Send Report
Go to the Sporcle.com Mobile Site →
Comments